000 00532nam a22002057a 4500
003 bpm
005 20260422111359.0
008 260422b |||||||| |||| 00| p spa d
020 _a109871125755
024 _aS. C. C. / M. C. y E. M.:
040 _aAR-CtUCP
041 _aspa
080 _aCDU
100 _aSosa Cordero Osvaldo
245 _aRomancero guaraní
260 _aCorrientes
_bSubsecretaría de Cultura de la Provincia de Corrientes
_c2006
650 _aLiteratura - Poesía
942 _cLIB
999 _c76688
_d76688